000 00392nam a2200145Ia 4500
008 230917s9999||||xx |||||||||||||| ||und||
040 _e70033
_aMAIN
041 _aEnglish
082 _a891.2109 S23S
100 _aSharma, Haridutt
245 0 _aSanskrit kavyashastriya bhavon ka manovaigyanik adhyayan
260 _aVaranasi
_bChaukhamba Orientalia
_c1983
300 _a391 p.
942 _cBK
999 _c46286
_d46286